000 00316nam a22001337a 4500
008 170526b xxu||||| |||| 00| 0 eng d
020 _a3540180036
041 _aeng
080 _a004
100 _a27
101 _aSHKI
245 _aLOGIC OF PROGRAMMING AND CALCULI OF DISCRETE DESIGN
_cBROY, M
942 _2udc
_cBK
999 _c14485
_d14485